000 00432nam a2200169Ia 4500
003 GCL
008 140319s9999 xx 000 0 eng d
040 _aGCL /
_cGCL
082 0 4 _a005.43
_bB W
100 1 _aBARAN, NICHOLOS
245 1 0 _aWINDOWS FROM THE KEYBOARD /
_cBARAN, NICHOLOS
260 _a[S.N] :
_bJOHN WILEY AND SONS. INC ،
_c1993
300 _a302 PP
650 0 4 _aWINDOWS
650 0 4 _aMICROSOFT
942 _2ddc
_cBK
999 _c24525
_d24525